Chacs and chiefs : the iconology of mosaic stone sculpture in pre-conquest Yucatan, Mexico /

Bibliographic Details
Main Author: Sharp, Rosemary, 1929-
Format: Book
Language:English
Published: Washington, D.C. : Dumbarton Oaks, Trustees for Harvard University, 1981.
Series:Studies in pre-Columbian art and archaeology ; no. 24.
Subjects:

MARC

Tag First Indicator Second Indicator Subfields
LEADER 00000pam a2200000 a 4500
001 in00000073138
005 20151008060051.0
008 801024s1981 dcua b 00010 engm
010 |a  80026269  
020 |a 0884020991 
035 |a (OCoLC)06943464 
035 |9 AAJ5077AM 
040 |a DLC  |c DLC  |d m.c.  |d TXA  |d UtOrBLW 
043 |a n-mx--- 
049 |a TXAM  |c [1502410] 
050 0 0 |a E51  |b .S85 no. 24  |a F1435.3.S34 
090 |a E51  |b .S85 no.24 
100 1 |a Sharp, Rosemary,  |d 1929- 
245 1 0 |a Chacs and chiefs :  |b the iconology of mosaic stone sculpture in pre-conquest Yucatan, Mexico /  |c Rosemary Sharp. 
264 1 |a Washington, D.C. :  |b Dumbarton Oaks, Trustees for Harvard University,  |c 1981. 
300 |a 48 pages :  |b illustrations ;  |c 27 cm. 
336 |a text  |b txt  |2 rdacontent 
337 |a unmediated  |b n  |2 rdamedia 
338 |a volume  |b nc  |2 rdacarrier 
490 1 |a Studies in pre-Columbian art and archaeology ;  |v no. 24 
504 |a Bibliography: pages 42-48. 
650 0 |a Maya sculpture. 
650 0 |a Mayas  |x Politics and government. 
650 0 |a Indian sculpture  |z Mexico  |z Yucatán (State) 
650 0 |a Indians of Mexico  |z Mexico  |z Yucatán (State)  |x Politics and government. 
650 0 |a Indians of Mexico  |z Mexico  |z Yucatán (State)  |x Religion. 
650 0 |a Mayas  |x Religion. 
830 0 |a Studies in pre-Columbian art and archaeology ;  |v no. 24. 
999 |a MARS 
999 f f |s 04b6f206-2c6d-3646-8dac-b6fcc34e2296  |i 707feb69-43d9-31aa-9559-59f81b8d479e  |t 0 
952 f f |p ric  |a Texas A&M University  |b Rellis Campus  |c Joint Library Facility  |d Remote Storage  |t 0  |e E51 .S85 no. 24  |h Library of Congress classification  |i unmediated -- volume  |m A14806103853 
998 f f |a E51 .S85 no. 24  |t 0  |l Remote Storage